000 01169cam a2200217 4500
001 ##L133552
008 060518n2006 000 0 eng u
035 _a(Sirsi) u133552
041 0 _aeng
050 0 4 _a333.33 $2 18
110 2 _aHBOS plc
_94703
245 0 0 _aHalifax house price index
_bnational index April 2006
260 _aLondon
_bHBOS
_c2006
490 0 _aHalifax House Price Index
_vApril 2006
520 _aHouse prices increased by 2.0% in April and by 4.4% in the first four months. At 8.0%, the annual rate of house price inflation is the highest since March 2005. House price inflation may increase again over the next few months but is expected to decline later in the year. The standardised average house price (seasonally adjusted) stands at £178 992. Cupar in Fife is currently Britain's property hotspot with a 36% rise in prices over the past year.
650 2 4 _aHALIFAX HOUSE PRICE INDEX
651 4 _aUnited Kingdom
_y
690 _aPROPERTY-RESIDENTIAL PROPERTY-RESIDENTIAL PROPERTY MARKET
856 4 0 _uhttps://www.hbosplc.com/economy/housingresearch.asp
_zView the national index free of charge at www.hbosplc.com...
942 _n0
999 _c105419
_d105419